The quantitative description of the Microstructure of Materials

Збережено в:
Бібліографічні деталі
Автори: Kurzydlowski, Krzysztof Jan (Автор), Ralph, Brian (Автор)
Формат: Книга
Мова:Англійська
Опубліковано: Boca Ratón CRC Press 1995
Предмети:
Теги: Додати тег
Немає тегів, Будьте першим, хто поставить тег для цього запису!

MARC

LEADER 00000nam a2200000 a 4500
001 UCH2769
003 CL-VaPUC
008 090624e19950000US |||||||||||||||||eng|d
020 |a 0849398216 
082 0 4 |a 620.11299  |b KUR  |2 21 
100 0 |a Kurzydlowski, Krzysztof Jan  |e author  |9 537806 
700 0 |a Ralph, Brian  |e author  |9 537807 
245 1 4 |a The quantitative description of the Microstructure of Materials  
300 |a 418 p 
942 |c BK 
945 |d 20090624 00:00:00  |a dcastane 
260 |a Boca Ratón  |b CRC Press  |c 1995 
650 0 |a Ciencia de los materiales  |9 317742 
650 7 |a TEXTURA  |2 CL-VaPUC  |9 347942 
650 7 |a PROPIEDADES MICROFISICAS  |2 CL-VaPUC  |9 486996 
650 7 |a MICROESTRUCTURA  |2 CL-VaPUC  |9 486997 
650 0 |a Microscopía  |9 406002 
583 |a last modification  |c 20090624 00:00:00  |k Rodrigo Vera 
999 |c 334468  |d 334466 
952 |0 0  |1 0  |4 0  |6 620_112990000000000_KUR_1995  |7 0  |8 A  |9 423522  |a BIBCUR  |b BIBCUR  |d 2019-11-22  |i 4564596  |o 620.11299 KUR 1995  |p 4564596  |r 2025-04-22  |w 2019-11-22  |y BK  |k FIS